Nech žije satira

Bibliographic Details
Main Authors: -nat- (Author), Žáry, Štefan, 1918-2007 (Author)
Format: Article
Language:Slovak
Subjects:

MARC

LEADER 00000nab a2200000 a 4500
001 vtls000428918
003 SK-MaSNL
005 20260303230558.0
008 120925c1990 xo 0 slo
015 |a SNBRB19rr/mm-uuuuu 
035 |a CL0429046 
040 |a SNKBUCL  |b slo  |c SNKBUCL  |e AACR2 
041 0 |a slo 
044 |a xo  |c SK 
080 |a 82.09:885.4-1(048)  |2 1981 
080 |a 885.4-1(048)  |2 1981 
100 0 |a -nat-  |4 aut  |9 968227 
245 1 0 |a Nech žije satira  |c -nat- 
650 0 7 |a satirická poézia  |2 snkbucl  |9 1510 
650 0 7 |a príslovia a porekadla  |2 snkbucl  |9 1781 
655 7 |a články z novín a časopisov  |2 snkbucl  |9 267496 
655 7 |a články z odboru literárna veda a krásna literatúra  |2 snkbucl  |9 770045 
655 7 |a recenzie  |2 snkbucl  |9 21907 
700 1 |a Žáry, Štefan,  |d 1918-2007  |4 aut  |9 105418 
773 0 |t Slovenské národné noviny  |g Roč. 1, č. 12 (1990), s. 10 
787 0 8 |i Rec.:  |a Žáry, Štefan  |t Satironikon  |d Bratislava : Slovenský spisovateľ, 1990 
850 |a Slovenská národná knižnica 
852 |a Slovenská národná knižnica 
958 |a RK 
958 |a LX 
992 |a RBX 
999 |c 2262921  |d 2264851